| 000 | 00891nas a2200301 4500 | ||
|---|---|---|---|
| 001 | BR9508926 | ||
| 003 | BR-BrBNA | ||
| 005 | 20231205095517.0 | ||
| 007 | ta | ||
| 008 | 230509b bl.|||p| |||| 00| 00por d | ||
| 040 |
_aBR-BrBNA _bpor _cBiblioteca Nacional de Agricultura |
||
| 041 | _a(Pt) | ||
| 072 | _aF50 | ||
| 100 | 1 | _aCamacho, R.G. | |
| 100 | 1 | _aCaraballo, D.F. | |
| 245 | 1 | _aEvaluation of morphological characteristics in venezuelan maize (Zea mays L.)genotypes under drought stress | |
| 650 | _aMilho | ||
| 650 | _aCaracteristicas Agronomicas | ||
| 650 | _aGenotipo | ||
| 650 | _aFolha | ||
| 650 | _aRaiz | ||
| 650 | _aEstatura de Planta | ||
| 650 | _aMateria Seca | ||
| 650 | _aStress | ||
| 773 | 0 |
_tScientia Agricola (Brazil) _xISSN 0103-9016 _g(Sep-Dec 1994), v. 51(3) p. 453-458 _wBR9508926 |
|
| 909 |
_a202311 _bLúcia _c55 _dLúcia Elande |
||
| 942 |
_2AGRIS _n0 _cANA |
||
| 999 |
_c151122 _d151122 |
||